[Event "Campeonato de Bizkaia de Prefe"]
[Site "?"]
[Date "????.??.??"]
[Round "4"]
[White "Redondo Maguregui, Juan Manuel"]
[Black "Urbieta Gabancho, Koldo"]
[Result "0-1"]
[WhiteElo "1656"]
[BlackElo "2009"]
[PlyCount "52"]
[EventDate "2008.10.18"]
[EventRounds "7"]
[EventCountry "ESP"]

1. c4 e5 2. g3 g6 3. Bg2 Bg7 4. Nc3 Ne7 5. e3 Nbc6 6. a3 f5 7. Nge2 e4 8. f3
exf3 9. Bxf3 Ne5 10. O-O Nxc4 11. d4 d5 12. b4 c6 13. b5 Bd7 14. Nf4 Qa5 15.
Qc2 Rc8 16. bxc6 Bxc6 17. Ne6 Bf6 18. g4 Bd7 19. Nf4 Rc5 20. Ncxd5 Nxd5 21.
dxc5 Ncxe3 22. Bxe3 Nxe3 23. Rfe1 Bd4 24. c6 bxc6 25. Bxc6 O-O 26. Qb3+ Nc4+
0-1

[Event "Campeonato de Bizkaia de Prefe"]
[Site "?"]
[Date "????.??.??"]
[Round "4"]
[White "Galarza Docampo, Karmel"]
[Black "Carasa Del Portillo, Mikel"]
[Result "1/2-1/2"]
[WhiteElo "2078"]
[BlackElo "2028"]
[PlyCount "60"]
[EventDate "2008.10.18"]
[EventRounds "7"]
[EventCountry "ESP"]

1. c4 c5 2. Nf3 Nc6 3. Nc3 g6 4. g3 Bg7 5. Bg2 e5 6. O-O Nge7 7. a3 O-O 8. Rb1
a5 9. Ne1 d6 10. Nc2 Be6 11. d3 d5 12. cxd5 Nxd5 13. a4 Qd7 14. Na3 Rab8 15.
Ne4 b6 16. Ng5 Ndb4 17. Nxe6 Qxe6 18. Nc4 f5 19. Nd2 Nd4 20. Re1 Ndc2 21. Rf1
Nd4 22. b3 Rfd8 23. Bb2 Bh6 24. Bxd4 exd4 25. Nc4 Re8 26. Re1 Nd5 27. Bxd5 Qxd5
28. Rb2 Re6 29. Na3 Rbe8 30. Qc2 Kf7 1/2-1/2

[Event "Campeonato de Bizkaia de Prefe"]
[Site "?"]
[Date "????.??.??"]
[Round "5"]
[White "Torres Garcia, Koldo"]
[Black "Angulo Martinez, Jon"]
[Result "0-1"]
[WhiteElo "2028"]
[BlackElo "2191"]
[PlyCount "59"]
[EventDate "2008.10.18"]
[EventRounds "7"]
[EventCountry "ESP"]

1. e4 c5 2. Nc3 d6 3. f4 Nc6 4. Nf3 g6 5. Bb5 Bg7 6. O-O a6 7. Bxc6+ bxc6 8. h3
e6 9. d4 d5 10. b3 Qa5 11. Qe1 h5 12. Na4 Qb4 13. c3 Qa5 14. Qf2 c4 15. Ba3 Ne7
16. Ne5 Bd7 17. Bb4 Qd8 18. Nc5 a5 19. Nb7 Qc7 20. Nd6+ Kf8 21. Bc5 Bc8 22.
bxc4 dxc4 23. Rab1 Kg8 24. Ndxc4 Ba6 25. Bd6 Qa7 26. Bxe7 Qxe7 27. Nxc6 Qd7 28.
N6xa5 Qa4 29. a3 Kh7 30. Rb4 0-1

[Event "Campeonato de Bizkaia de Prefe"]
[Site "?"]
[Date "????.??.??"]
[Round "5"]
[White "De Andres Oterino, Carlos"]
[Black "Diaz Herrero, Alvaro"]
[Result "0-1"]
[WhiteElo "1918"]
[BlackElo "2065"]
[PlyCount "110"]
[EventDate "2008.10.18"]
[EventRounds "7"]
[EventCountry "ESP"]

1. Nf3 c5 2. c4 Nc6 3. d4 cxd4 4. Nxd4 Qb6 5. Nb3 Nf6 6. g3 e6 7. Bg2 Ne5 8.
Qc2 Qc7 9. c5 d6 10. Na3 Bd7 11. cxd6 Qxc2 12. Nxc2 Bc6 13. O-O Bxd6 14. Bxc6+
Nxc6 15. Nbd4 Nxd4 16. Nxd4 Rc8 17. Rd1 Ke7 18. Bg5 a6 19. Rac1 Be5 20. Nf3 Bd6
21. e4 h6 22. Bxf6+ gxf6 23. a3 Rhg8 24. b4 Rxc1 25. Rxc1 Rd8 26. Kf1 a5 27.
Rc4 axb4 28. axb4 b5 29. Rd4 Ra8 30. Ne1 Ra2 31. Nd3 Be5 32. Nxe5 fxe5 33. Rd3
Rb2 34. Rc3 Rxb4 35. Rc7+ Kd6 36. Rxf7 Rxe4 37. Rh7 b4 38. Rxh6 b3 39. Rh8 Kc7
40. Rh7+ Kc6 41. Rh8 Kc5 42. Rc8+ Kb4 43. Rc1 b2 44. Rb1 Kb3 45. h4 Kc2 46.
Rxb2+ Kxb2 47. Kg2 Kc3 48. Kf3 Kd4 49. h5 Kd5 50. h6 Ra4 51. g4 e4+ 52. Kg3 Ke5
53. Kh4 Kf6 54. Kh5 Ra5+ 55. Kh4 Kg6 0-1

[Event "Campeonato de Bizkaia de Prefe"]
[Site "?"]
[Date "????.??.??"]
[Round "5"]
[White "Galzagorri Uli, Yeray"]
[Black "Celada Fernandez De L., Felipe"]
[Result "1-0"]
[WhiteElo "2255"]
[BlackElo "2138"]
[PlyCount "73"]
[EventDate "2008.10.18"]
[EventRounds "7"]
[EventCountry "ESP"]

1. e4 d6 2. d4 g6 3. c4 Bg7 4. Nc3 Nf6 5. Nf3 O-O 6. Be2 e5 7. d5 Nbd7 8. Bg5
h6 9. Bh4 g5 10. Bg3 Nh5 11. h4 Nxg3 12. fxg3 g4 13. Nh2 h5 14. O-O Nc5 15. Qc2
a5 16. Rf2 Bh6 17. Nf1 f5 18. exf5 Qf6 19. Bd3 Nxd3 20. Qxd3 Bxf5 21. Ne4 Qg6
22. Re1 Rf7 23. Rxf5 Rxf5 24. Ne3 Rf7 25. c5 Raf8 26. Nc4 Rd8 27. Nxa5 dxc5 28.
Nxb7 Rb8 29. Nbxc5 Rxb2 30. Qc3 Rxa2 31. Qxe5 Qf5 32. Qe8+ Rf8 33. Qe6+ Kg7 34.
Nd7 Rf7 35. Ndf6 Rxf6 36. Nxf6 Kg6 37. Nxg4+ 1-0

[Event "Campeonato de Bizkaia de Prefe"]
[Site "?"]
[Date "????.??.??"]
[Round "5"]
[White "Cuero Reid, Maximo Javier"]
[Black "Prieto Aranguren, Alain"]
[Result "0-1"]
[WhiteElo "1930"]
[BlackElo "2162"]
[PlyCount "55"]
[EventDate "2008.10.18"]
[EventRounds "7"]
[EventCountry "ESP"]

1. e4 c6 2. c4 d5 3. cxd5 cxd5 4. exd5 Nf6 5. Nc3 Nxd5 6. Bc4 e6 7. Nf3 Be7 8.
O-O O-O 9. d4 Nc6 10. Re1 Bf6 11. Ne4 Nce7 12. Nxf6+ Nxf6 13. Bg5 Ned5 14. Ne5
Qd6 15. Qf3 Ne8 16. Bd3 f5 17. Rad1 Nef6 18. Bc4 Ne4 19. Rxe4 fxe4 20. Qxe4 Nf6
21. Qh4 Qc7 22. Rc1 Qe7 23. Rc3 b6 24. Rh3 Qe8 25. Bxe6+ Bxe6 26. Bxf6 Rxf6 27.
Qxh7+ Kf8 28. Rg3 0-1

[Event "Campeonato de Bizkaia de Prefe"]
[Site "?"]
[Date "????.??.??"]
[Round "5"]
[White "Wu Martin, Eneko"]
[Black "Perez Fernandez, Modesto"]
[Result "1-0"]
[WhiteElo "2068"]
[BlackElo "2117"]
[PlyCount "54"]
[EventDate "2008.10.18"]
[EventRounds "7"]
[EventCountry "ESP"]

1. d4 d5 2. Nc3 Nf6 3. e4 dxe4 4. f3 exf3 5. Nxf3 e6 6. Bc4 c6 7. O-O Be7 8.
Ng5 h6 9. Nf3 O-O 10. Qe1 Nbd7 11. Qg3 Kh8 12. Bd3 Nh7 13. Bf4 Ndf6 14. Ne5 Nh5
15. Nxf7+ Rxf7 16. Qg6 Rf5 17. Bxf5 exf5 18. Qxh5 Qxd4+ 19. Kh1 Nf6 20. Qf7 Ng8
21. Rae1 Qf6 22. Qe8 b6 23. Be5 Qf8 24. Qxc6 Ba6 25. Rxf5 Qxf5 26. Qxa8 Qf7 27.
Bg3 Qf2 1-0

[Event "Campeonato de Bizkaia de Prefe"]
[Site "?"]
[Date "????.??.??"]
[Round "5"]
[White "Urbieta Gabancho, Koldo"]
[Black "Galarza Docampo, Karmel"]
[Result "1-0"]
[WhiteElo "2009"]
[BlackElo "2078"]
[PlyCount "79"]
[EventDate "2008.10.18"]
[EventRounds "7"]
[EventCountry "ESP"]

1. e4 e5 2. Nf3 Nc6 3. Bb5 d6 4. c3 Bd7 5. O-O g6 6. d4 Bg7 7. Bg5 f6 8. Be3
Nge7 9. b4 a5 10. Qb3 Qc8 11. Bc4 Nd8 12. dxe5 dxe5 13. a4 Be6 14. Bc5 Bxc4 15.
Qxc4 Qe6 16. Na3 Qxc4 17. Nxc4 b6 18. Be3 Ne6 19. Rfd1 Kf7 20. bxa5 bxa5 21.
Rd7 Rhb8 22. g3 Rb3 23. Rc1 Ke8 24. Rd3 Nc6 25. Nfd2 Rbb8 26. Rd5 Bf8 27. Rb1
Rxb1+ 28. Nxb1 Ned8 29. Nba3 Nb7 30. Nb5 Rc8 31. f4 Ne7 32. Rd2 Nc6 33. fxe5
Nxe5 34. Nxe5 fxe5 35. Rd5 c6 36. Rxe5+ Kf7 37. Na7 Rd8 38. Nxc6 Rd1+ 39. Kg2
Bg7 40. Re7+ 1-0

[Event "Campeonato de Bizkaia de Prefe"]
[Site "?"]
[Date "????.??.??"]
[Round "5"]
[White "Sanz Rodero, Mikel"]
[Black "Alonso Alonso, Ivan"]
[Result "0-1"]
[WhiteElo "1974"]
[BlackElo "2133"]
[PlyCount "34"]
[EventDate "2008.10.18"]
[EventRounds "7"]
[EventCountry "ESP"]

1. e4 e6 2. d4 d5 3. Nc3 Nf6 4. Bg5 Be7 5. e5 Nfd7 6. h4 h6 7. Bxe7 Qxe7 8. Qg4
O-O 9. Bd3 c5 10. Rh3 f5 11. exf6 Nxf6 12. Qg6 cxd4 13. Rg3 dxc3 14. Qxh6 cxb2
15. Rb1 e5 16. Ne2 e4 17. Bb5 Ng4 0-1